000 00841nam a22002177a 4500
005 2010081403013.0
010 _aENG-100560
020 _a8184120366
_c165.00
035 _aEN-84093
037 _bDBAD/PUB
082 _a512.5
100 _aAdhikari,M R
_913603
245 _aIntroduction to linear algebra with application to basic cryptography
_cby M R Adhikari [and] Avishek Adhikari
260 _aNew Delhi
_bAsian Books
_c2007
270 _a7/28 Mahavir lane Vardan House Ansari Road Darya Ganj
_b New Delhi
_e110002
300 _axi,184p
_c25cm(pbk)
500 _aincludes bibliographical references
700 _aAdhikari,M R
_913604
942 _2ddc
_cEN
_h512.5
_mADH
999 _c42008
_d42008